[Event "ch-RUS Blitz w 2016"]
[Site "Sochi RUS"]
[Date "2016.10.04"]
[Round "2.13"]
[White "Bocharova, Ulyana"]
[Black "Severina, Maria"]
[Result "0-1"]
[BlackTitle "WIM"]
[WhiteElo "1852"]
[BlackElo "2232"]
[WhiteFideId "24174513"]
[BlackFideId "4116909"]
[EventDate "2016.10.04"]

1. d4 Nf6 2. c4 e6 3. Nc3 Bb4 4. Qb3 c5 5. dxc5 Nc6 6. Nf3 Ne4 7. Bd2 Nxd2 8.
Nxd2 Bxc5 9. e3 O-O 10. Bd3 Ne5 11. Be2 b6 12. Nde4 Be7 13. Rd1 Bb7 14. O-O Qc7
15. h3 Rac8 16. Nb5 Qc6 17. f3 Ra8 18. Ned6 a6 19. Nxb7 axb5 20. cxb5 Qxb7 21.
Rd4 Bc5 22. Re4 Ng6 23. Rd1 d5 24. Rg4 Qe7 25. Kh1 Qf6 26. a3 Qe5 27. Rd3 h5 28.
f4 Qe4 29. Rg5 Be7 30. Bf3 Qc4 31. Rxh5 Qxb3 32. Rxb3 Rac8 33. g4 Rc1+ 34. Kg2
Rfc8 35. f5 Nh4+ 36. Kg3 Nxf3 37. Kxf3 Rf1+ 38. Ke2 Rcc1 39. Rc3 Rxc3 40. bxc3
Rc1 41. fxe6 fxe6 42. Re5 Kf7 43. Kd3 Bf6 44. Rh5 Rxc3+ 45. Kd2 Rxa3 46. g5 Be7
47. h4 Rb3 48. Rh8 Rxb5 49. h5 Bxg5 50. Rb8 Rb2+ 51. Kc3 Rb1 52. Rb7+ Kf6 53.
Kd4 Rb4+ 54. Kc3 Rc4+ 55. Kb3 Bxe3 56. Rb8 Bc5 57. Rc8 Rb4+ 58. Kc3 Rh4 59. Rc6
Rxh5 60. Rc7 Rh3+ 61. Kc2 g5 62. Ra7 g4 63. Ra1 g3 64. Rf1+ Ke7 65. Re1 g2 0-1

[Event "ch-RUS Blitz w 2016"]
[Site "Sochi RUS"]
[Date "2016.10.04"]
[Round "2.14"]
[White "Sukhareva, Evgeniya"]
[Black "Pavlova, Natalia"]
[Result "1-0"]
[WhiteElo "2151"]
[BlackElo "1990"]
[WhiteFideId "4167155"]
[BlackFideId "24135615"]
[EventDate "2016.10.04"]

1. d4 d5 2. Nf3 c6 3. c4 Nf6 4. Qc2 dxc4 5. Qxc4 e6 6. Bg5 Be7 7. e3 O-O 8. Nc3
Nbd7 9. Qb3 Qc7 10. Be2 e5 11. dxe5 Nxe5 12. Bf4 Bd6 13. Bg5 Be6 14. Qc2 Nfd7
15. Nd4 h6 16. Nxe6 fxe6 17. Bh4 Nf6 18. h3 Nd5 19. O-O Qf7 20. Bg3 Rad8 21. Ne4
Bb8 22. Nc5 Qg6 23. Qxg6 Nxg6 24. Nxe6 Bxg3 25. Nxf8 Bxf2+ 26. Rxf2 Nxf8 27. Bc4
Kh7 28. Rd1 Ng6 29. e4 1-0

[Event "ch-RUS Blitz w 2016"]
[Site "Sochi RUS"]
[Date "2016.10.04"]
[Round "2.15"]
[White "Rozhko, Mariya"]
[Black "Drozdova, Dina"]
[Result "0-1"]
[WhiteTitle "WFM"]
[BlackTitle "WIM"]
[WhiteElo "2099"]
[BlackElo "2242"]
[WhiteFideId "4171314"]
[BlackFideId "4170695"]
[EventDate "2016.10.04"]

1. d4 Nf6 2. Nf3 e6 3. Bf4 b6 4. Nbd2 Bb7 5. e3 Be7 6. Bd3 d5 7. O-O O-O 8. Qe2
Ne4 9. c4 Nd7 10. cxd5 exd5 11. Ne5 Nxe5 12. Bxe5 c5 13. dxc5 bxc5 14. Bxe4 dxe4
15. Nc4 Qd3 16. Rfe1 Rfd8 17. Qg4 g6 18. Rac1 Bc8 19. Qf4 Be6 20. Red1 Qxd1+ 0-1

[Event "ch-RUS Blitz w 2016"]
[Site "Sochi RUS"]
[Date "2016.10.04"]
[Round "3.1"]
[White "Pustovoitova, Daria"]
[Black "Berdychevskaya, Natasha"]
[Result "1-0"]
[WhiteTitle "FM"]
[BlackTitle "WFM"]
[WhiteElo "2386"]
[BlackElo "2208"]
[WhiteFideId "4182146"]
[BlackFideId "4159322"]
[EventDate "2016.10.04"]

1. d4 Nf6 2. c4 Nc6 3. Nf3 e6 4. a3 d6 5. Nc3 Be7 6. e4 e5 7. d5 Nb8 8. Be2 O-O
9. O-O h6 10. Ne1 Nbd7 11. Be3 Nh7 12. Nd3 f5 13. exf5 Rxf5 14. Bg4 Rf8 15. Be6+
Kh8 16. f4 exf4 17. Nxf4 Ne5 18. Bd4 Qe8 19. Qe2 Bf6 20. Rae1 Ng5 21. Bxe5 dxe5
22. Bxc8 Rxc8 23. Nh5 Qe7 24. h4 Nh7 25. g3 Rce8 26. Ne4 Kg8 27. Qe3 b6 28. b4
a5 29. c5 axb4 30. axb4 bxc5 31. bxc5 Qf7 32. Nhxf6+ Nxf6 33. Nxf6+ gxf6 34.
Qxh6 Qxd5 35. Qg6+ Kh8 36. Rf5 Qxc5+ 37. Kh2 Qc2+ 38. Kh3 Qxf5+ 39. Qxf5 1-0

[Event "ch-RUS Blitz w 2016"]
[Site "Sochi RUS"]
[Date "2016.10.04"]
[Round "3.3"]
[White "Girya, Olga"]
[Black "Diakonova, Ekaterina"]
[Result "1-0"]
[WhiteTitle "WGM"]
[WhiteElo "2446"]
[BlackElo "2321"]
[WhiteFideId "4195752"]
[BlackFideId "24172936"]
[EventDate "2016.10.04"]

1. d4 Nf6 2. Nf3 g6 3. Bg5 Bg7 4. Nbd2 d5 5. Bxf6 Bxf6 6. e4 dxe4 7. Nxe4 Bg7 8.
c3 h6 9. Bc4 O-O 10. O-O Nd7 11. Re1 Nf6 12. Ne5 e6 13. Qf3 Qe7 14. Rad1 Nxe4
15. Qxe4 c5 16. h3 Rb8 17. Bb3 Qc7 18. Re3 Bxe5 19. dxe5 b5 20. Rg3 Bb7 21. Qf4
Kh7 22. h4 f5 23. Rd6 c4 24. Rxe6 cxb3 25. Rexg6 1-0

[Event "ch-RUS Blitz w 2016"]
[Site "Sochi RUS"]
[Date "2016.10.04"]
[Round "3.4"]
[White "Shaydullina, Sandugach"]
[Black "Nechaeva, Marina"]
[Result "1/2-1/2"]
[WhiteTitle "WGM"]
[BlackTitle "IM"]
[WhiteElo "2142"]
[BlackElo "2428"]
[WhiteFideId "4140389"]
[BlackFideId "4149351"]
[EventDate "2016.10.04"]

1. Nf3 d5 2. c4 c6 3. b3 Nf6 4. Bb2 e6 5. e3 Nbd7 6. d4 b6 7. Nbd2 Bb7 8. Bd3
Be7 9. O-O O-O 10. e4 dxe4 11. Nxe4 c5 12. Qe2 cxd4 13. Nxd4 Nc5 14. Nxc5 Bxc5
15. Rad1 Qe7 16. Bb1 Rad8 17. h3 Rd7 18. Nb5 Rfd8 19. Be5 a6 20. Nc3 Bd6 21.
Bxd6 Rxd6 22. Rxd6 Rxd6 23. Rd1 h6 24. Rd2 Qd8 25. Rd3 g6 26. Qd1 Rxd3 27. Qxd3
Qc7 28. Qd4 e5 29. Qe3 Kg7 30. f3 Nd7 31. Be4 Bxe4 32. Qxe4 Qc5+ 33. Kh2 Nf6 34.
Qe2 Qd4 35. Nd1 g5 36. Nf2 Qf4+ 37. g3 Qd4 38. Kg2 Nd7 39. Qe4 Qd6 40. Qd5 Qxd5
41. cxd5 f5 42. Nd3 Kf6 43. Nb4 a5 44. Nc6 Nc5 45. Kf2 Na6 46. Ke3 Nc5 47. Kd2
e4 48. Ke3 exf3 49. Kxf3 h5 50. Ke3 Nb7 51. Kd4 Nd6 52. Nd8 f4 53. gxf4 gxf4 54.
Ne6 Kf5 55. Ng7+ Kg5 56. Ne6+ Kf5 57. Ng7+ Kg5 58. Ne6+ Kf5 59. Ng7+ 1/2-1/2

[Event "ch-RUS Blitz w 2016"]
[Site "Sochi RUS"]
[Date "2016.10.04"]
[Round "3.5"]
[White "Gubernatorova, Lyudmila"]
[Black "Ambartsumova, Karina"]
[Result "0-1"]
[BlackTitle "WGM"]
[WhiteElo "2200"]
[BlackElo "2280"]
[WhiteFideId "4123840"]
[BlackFideId "4166299"]
[EventDate "2016.10.04"]

1. d4 d6 2. e4 Nf6 3. Bd3 e5 4. d5 g6 5. c4 Bg7 6. Nc3 O-O 7. h3 a5 8. Nf3 Na6
9. Be3 Nd7 10. g4 b6 11. Qd2 Nac5 12. Bc2 a4 13. Qd1 Ba6 14. b3 axb3 15. axb3
Bb7 16. b4 Rxa1 17. Qxa1 Na6 18. Qb2 Qe7 19. Ba4 Nab8 20. Ke2 Nf6 21. c5 bxc5
22. bxc5 Ba6+ 23. Bb5 dxc5 24. Bxa6 Nxa6 25. Qb5 Qd6 26. Ra1 Ra8 27. Bxc5 Nxc5
28. Rxa8+ Bf8 29. Nd2 Ncd7 30. Nc4 Qe7 31. Qc6 Kg7 32. Qxc7 Qb4 33. Kd3 Nc5+ 34.
Kc2 Qxc4 35. Ra7 Nfd7 0-1

[Event "ch-RUS Blitz w 2016"]
[Site "Sochi RUS"]
[Date "2016.10.04"]
[Round "3.6"]
[White "Gritsayeva, Oksana"]
[Black "Gvanceladze, Anna"]
[Result "0-1"]
[WhiteTitle "WFM"]
[BlackTitle "WFM"]
[WhiteElo "2321"]
[BlackElo "2223"]
[WhiteFideId "14104652"]
[BlackFideId "4113721"]
[EventDate "2016.10.04"]

1. e4 c6 2. d3 d5 3. Nd2 e5 4. g3 Nf6 5. Bg2 Bd6 6. Ngf3 O-O 7. O-O Bg4 8. h3
Bh5 9. Qe1 Nbd7 10. g4 Bg6 11. Qe2 Re8 12. Re1 dxe4 13. dxe4 Nc5 14. Nh2 Ne6 15.
Nc4 Bc7 16. c3 Nf4 17. Bxf4 exf4 18. Qc2 Qe7 19. Rad1 Rad8 20. Rxd8 Rxd8 21. Qe2
b5 22. Nd2 Qd6 23. Nhf3 Re8 24. Nd4 Qc5 25. N4f3 Bb6 26. g5 Nxe4 27. Nd4 f5 28.
gxf6 Nxf6 29. Qd1 Rxe1+ 30. Qxe1 Bf7 31. Qe2 Qd6 32. Nf5 Qd7 33. Ne7+ Kf8 34.
Nxc6 a6 35. Ne5 Qe6 36. Ndf3 Bc7 37. Kf1 Qe7 38. Nd3 Bc4 39. Qxe7+ Kxe7 40. Ke2
Bb6 41. Ne5 Bxa2 42. Bb7 a5 43. Kd2 Bc4 44. Nxc4 bxc4 45. f3 cxd3 46. Kxd3 g5
47. Kc4 Bc7 48. Kc5 h5 49. Bc8 Bd6+ 50. Kb5 Bc7 51. Kc6 Bd8 52. b4 axb4 53. cxb4
g4 54. hxg4 hxg4 55. fxg4 f3 56. Ba6 Nxg4 57. Bd3 Ne5+ 58. Kd5 Nxd3 59. b5 f2 0-1

[Event "ch-RUS Blitz w 2016"]
[Site "Sochi RUS"]
[Date "2016.10.04"]
[Round "3.7"]
[White "Baraeva, Marina"]
[Black "Severina, Maria"]
[Result "1/2-1/2"]
[WhiteTitle "WIM"]
[BlackTitle "WIM"]
[WhiteElo "2173"]
[BlackElo "2232"]
[WhiteFideId "24142573"]
[BlackFideId "4116909"]
[EventDate "2016.10.04"]

1. d4 Nf6 2. c4 e6 3. Nc3 Bb4 4. Qc2 O-O 5. a3 Bxc3+ 6. Qxc3 b6 7. Nf3 Bb7 8.
Bg5 d6 9. e3 h6 10. Bxf6 Qxf6 11. Be2 c5 12. O-O Nd7 13. Rac1 Rac8 14. dxc5 dxc5
15. Qxf6 Nxf6 16. Rfd1 Rfd8 17. Kf1 Kf8 18. Ke1 Ke7 19. h3 Bc6 20. Rxd8 Rxd8 21.
Rd1 Rxd1+ 1/2-1/2

[Event "ch-RUS Blitz w 2016"]
[Site "Sochi RUS"]
[Date "2016.10.04"]
[Round "3.8"]
[White "Semenova, Elena1"]
[Black "Drozdova, Dina"]
[Result "1-0"]
[WhiteTitle "WIM"]
[BlackTitle "WIM"]
[WhiteElo "2256"]
[BlackElo "2242"]
[WhiteFideId "24125148"]
[BlackFideId "4170695"]
[EventDate "2016.10.04"]

1. e4 d6 2. d4 Nf6 3. Nc3 e5 4. dxe5 dxe5 5. Qxd8+ Kxd8 6. Bg5 Be6 7. g3 h6 8.
Bxf6+ gxf6 9. O-O-O+ Kc8 10. f4 c6 11. f5 Bd7 12. Bc4 Be8 13. Nf3 Kc7 14. Bb3
Nd7 15. a3 Rd8 16. Rhe1 h5 17. Kb1 Nc5 18. Ba2 b5 19. b4 Rxd1+ 20. Rxd1 Nb7 21.
Ne2 Nd6 22. Nc3 Rg8 23. Nd2 Rg4 24. Re1 h4 25. gxh4 Rxh4 26. Re2 Rh3 27. Kb2 Bh6
28. Nf1 Bf4 29. Bb3 Bd7 30. Nd1 Rh4 31. Nf2 Bg5 32. Nd3 Nxe4 33. Bxf7 Bxf5 34.
Bb3 Nd6 35. Nc5 Bg4 36. Rf2 Rh3 37. Ne6+ Bxe6 38. Bxe6 Rh4 39. Ng3 Kb6 40. Nf5
Nxf5 41. Bxf5 Bf4 42. h3 Bg5 43. Rf1 a5 44. bxa5+ Kxa5 45. Rd1 Be3 46. Bg4 Bc5
47. Rd8 Kb6 48. Rb8+ Kc7 49. Re8 Bd4+ 50. Kb3 Bc5 51. Rg8 Rh6 52. Rg7+ Kb6 53.
Rd7 Rh8 54. a4 bxa4+ 55. Kxa4 Ra8+ 56. Kb3 Ra3+ 57. Kc4 Bd4 58. Bf5 Rc3+ 59. Kb4
Rf3 60. Be4 c5+ 61. Kc4 Rxh3 62. Rd6+ Kc7 63. Rxf6 Rh2 64. Kd5 Rh4 1-0

[Event "ch-RUS Blitz w 2016"]
[Site "Sochi RUS"]
[Date "2016.10.04"]
[Round "3.9"]
[White "Nebolsina, Vera"]
[Black "Belenkaya, Dina"]
[Result "1-0"]
[WhiteTitle "WGM"]
[BlackTitle "WFM"]
[WhiteElo "2219"]
[BlackElo "2313"]
[WhiteFideId "4163591"]
[BlackFideId "24142654"]
[EventDate "2016.10.04"]

1. c4 e5 2. g3 Nc6 3. Bg2 Bc5 4. e3 d6 5. Nc3 a6 6. Nge2 Nge7 7. d4 Ba7 8. b3
O-O 9. O-O exd4 10. exd4 Nf5 11. d5 Ne5 12. Bb2 Ne7 13. h3 Bf5 14. Nf4 h6 15.
Nce2 Qd7 16. Nd4 Bh7 17. Nh5 Nf5 18. Kh2 Nxd4 19. Bxd4 Bxd4 20. Qxd4 Qf5 21. Nf4
Nd3 22. Nxd3 Qxd3 23. Qg4 Rae8 24. Qd7 Re2 25. Qxc7 Qd4 26. Qxd6 Rxf2 27. Rxf2
Qxf2 28. Qf4 Qb2 29. Qc1 Qf2 30. Qf1 Qb2 31. Re1 Qxa2 32. d6 Qxb3 33. Bd5 Qb2+
34. Qg2 Qd2 35. Qxd2 1-0

[Event "ch-RUS Blitz w 2016"]
[Site "Sochi RUS"]
[Date "2016.10.04"]
[Round "3.10"]
[White "Abramova, Yulia"]
[Black "Tomilova, Elena"]
[Result "0-1"]
[BlackTitle "WIM"]
[WhiteElo "1969"]
[BlackElo "2309"]
[WhiteFideId "24104655"]
[BlackFideId "4162340"]
[EventDate "2016.10.04"]

1. e4 e6 2. d4 d5 3. Nd2 c5 4. c3 dxe4 5. Nxe4 cxd4 6. cxd4 Nf6 7. Nc3 Be7 8.
Nf3 O-O 9. Bd3 b6 10. O-O Bb7 11. Be3 Nd5 12. Ne5 Nd7 13. Qh5 N7f6 14. Qe2 Rc8
15. Rac1 Nxe3 16. fxe3 g6 17. Rf4 Nd5 18. Rf2 Bg5 19. Rf3 Nxc3 20. bxc3 Bxf3 21.
Nxf3 Bh6 22. Rf1 Rxc3 23. Ne5 Rc7 24. Be4 Bg7 25. Nc6 Qd6 26. Rc1 Rfc8 27. Qb5
h5 28. Rc2 Kh7 29. Qxh5+ Kg8 30. Qf3 f5 31. Bd3 Rxc6 0-1

[Event "ch-RUS Blitz w 2016"]
[Site "Sochi RUS"]
[Date "2016.10.04"]
[Round "3.11"]
[White "Pogonina, Natalija"]
[Black "Goryachkina, Aleksandra"]
[Result "1/2-1/2"]
[WhiteTitle "WGM"]
[BlackTitle "WGM"]
[WhiteElo "2484"]
[BlackElo "2460"]
[WhiteFideId "4147855"]
[BlackFideId "4147103"]
[EventDate "2016.10.04"]

1. d4 d5 2. c4 c6 3. e3 Nf6 4. Nc3 e6 5. Nf3 Nbd7 6. Qc2 Bd6 7. Bd3 O-O 8. O-O
dxc4 9. Bxc4 b5 10. Be2 Bb7 11. e4 e5 12. Bg5 Qc7 13. dxe5 Nxe5 14. h3 Nxf3+ 15.
Bxf3 Be5 16. Rac1 a6 17. Nd1 h6 18. Bd2 Rfd8 19. Bc3 c5 20. Ne3 Bxc3 21. bxc3
Qe5 22. Nd5 Nxd5 23. exd5 Bxd5 24. Rfe1 Qc7 25. Bxd5 Rxd5 26. c4 bxc4 27. Qxc4
Qd6 28. Qa4 g6 29. Rc4 Rd4 30. Qc2 Rxc4 31. Qxc4 Qd4 32. Qc1 Kg7 33. Rd1 Qe5 34.
Qc4 Qe6 35. Qxe6 fxe6 36. Rd7+ Kf6 37. Rc7 Rb8 38. Rxc5 Rb1+ 39. Kh2 Rb2 40. Ra5
Rxf2 1/2-1/2

[Event "ch-RUS Blitz w 2016"]
[Site "Sochi RUS"]
[Date "2016.10.04"]
[Round "3.13"]
[White "Pavlova, Natalia"]
[Black "Charochkina, Daria"]
[Result "0-1"]
[BlackTitle "IM"]
[WhiteElo "1990"]
[BlackElo "2366"]
[WhiteFideId "24135615"]
[BlackFideId "4180917"]
[EventDate "2016.10.04"]

1. Nf3 d5 2. g3 Bg4 3. Bg2 Nd7 4. d3 Ngf6 5. O-O e6 6. c4 c6 7. b3 Bd6 8. Bb2
O-O 9. Nbd2 Qe7 10. e4 Bxf3 11. Bxf3 Ne5 12. Bxe5 Bxe5 13. Rc1 Rad8 14. Qc2 dxe4
15. Nxe4 Bd4 16. Bg2 Nd7 17. Nd2 Ne5 18. Nf3 Nxd3 19. Nxd4 Rxd4 20. Rcd1 Rfd8
21. Be4 Nb4 22. Qb1 f5 23. Bg2 Qd6 24. Rde1 e5 25. Bh3 g6 26. a3 Nd3 27. Re3 Nc5
28. Rfe1 Ne4 29. Bg2 Rd1 30. Qc2 Rxe1+ 31. Rxe1 Nc5 32. b4 Ne6 33. c5 Qd4 34.
Qa4 a6 35. Qb3 Kf7 36. a4 Kf6 37. b5 Nxc5 38. Qc2 axb5 39. axb5 cxb5 40. Rc1 b6
41. Bf1 b4 42. Qa2 b3 43. Qa3 Ne4 44. Qxb3 Qxf2+ 45. Kh1 Qd4 46. Rc6+ Rd6 47.
Rxd6+ Qxd6 48. Qe3 Qc5 49. Qb3 Nd6 50. Qa4 b5 51. Qa6 b4 52. Qa8 Qc1 53. Kg1
Qe3+ 54. Kh1 Qe4+ 55. Qxe4 Nxe4 56. Bc4 Nd2 57. Bd5 b3 0-1

[Event "ch-RUS Blitz w 2016"]
[Site "Sochi RUS"]
[Date "2016.10.04"]
[Round "3.14"]
[White "Sukhareva, Evgeniya"]
[Black "Travkina, Anastasia"]
[Result "1/2-1/2"]
[BlackTitle "WFM"]
[WhiteElo "2151"]
[BlackElo "2292"]
[WhiteFideId "4167155"]
[BlackFideId "24129151"]
[EventDate "2016.10.04"]

1. d4 d5 2. Nf3 Nf6 3. c4 c6 4. Qc2 dxc4 5. Qxc4 Bg4 6. Nbd2 Nbd7 7. g3 e6 8.
Bg2 Be7 9. O-O O-O 10. h3 Bh5 11. e4 Bxf3 12. Bxf3 e5 13. dxe5 Nxe5 14. Qb3
Nxf3+ 15. Qxf3 Qd7 16. Kg2 Rad8 17. Nb3 Qe6 18. Re1 a5 19. Bg5 a4 20. Nd2 h6 21.
Bf4 Nd7 22. a3 Ne5 23. Bxe5 Qxe5 24. Nc4 Qe6 25. Rac1 b5 26. Ne3 g6 27. Ng4 Kh7
28. e5 Rd2 29. Rxc6 Qd7 30. Rec1 h5 31. Ne3 Bg5 32. h4 Bh6 33. Rc7 Qe6 34. R1c6
Qb3 35. Kg1 Bxe3 36. Qxe3 Qxe3 37. fxe3 Rxb2 38. e6 Kg7 39. Rb7 Rd8 40. Rxf7+
Kh6 41. e7 Rd1+ 42. Rf1 Rdd2 43. Rfc1 Rg2+ 44. Kf1 Rh2 45. Kg1 Rhg2+ 46. Kf1 Rh2
47. Kg1 Kh7 1/2-1/2

[Event "ch-RUS Blitz w 2016"]
[Site "Sochi RUS"]
[Date "2016.10.04"]
[Round "3.15"]
[White "Potapova, Margarita"]
[Black "Makarenko, Alexandra"]
[Result "1-0"]
[WhiteTitle "WFM"]
[BlackTitle "WFM"]
[WhiteElo "2060"]
[BlackElo "2243"]
[WhiteFideId "14126869"]
[BlackFideId "4165055"]
[EventDate "2016.10.04"]

1. d4 Nf6 2. c4 c5 3. d5 e6 4. Nc3 exd5 5. cxd5 d6 6. g3 g6 7. Bg2 Bg7 8. Nf3
O-O 9. O-O Re8 10. Nd2 a6 11. a4 Nbd7 12. Nc4 Nb6 13. Na3 Bd7 14. a5 Nc8 15. Nc4
Bb5 16. Qb3 Bxc4 17. Qxc4 Nd7 18. f4 b5 19. axb6 Ncxb6 20. Qd3 c4 21. Qd1 Nc5 1-0

[Event "ch-RUS Blitz w 2016"]
[Site "Sochi RUS"]
[Date "2016.10.04"]
[Round "4.1"]
[White "Berdychevskaya, Natasha"]
[Black "Pustovoitova, Daria"]
[Result "0-1"]
[WhiteTitle "WFM"]
[BlackTitle "FM"]
[WhiteElo "2208"]
[BlackElo "2386"]
[WhiteFideId "4159322"]
[BlackFideId "4182146"]
[EventDate "2016.10.04"]

1. e4 e6 2. d4 d5 3. exd5 exd5 4. Bd3 c5 5. dxc5 Bxc5 6. Nf3 Nf6 7. O-O O-O 8.
Nc3 h6 9. Bf4 Nc6 10. a3 Bg4 11. h3 Bh5 12. Be2 Re8 13. Re1 Ne4 14. Nxe4 dxe4
15. Nh2 Bxe2 16. Rxe2 Qb6 17. b4 Bd4 18. Rb1 Rad8 19. Qe1 f5 20. Be3 Bxe3 21.
Rxe3 Ne5 22. Rd1 Rxd1 23. Qxd1 Rd8 24. Qe1 Qd4 25. Nf1 Nc4 26. Rc3 f4 27. Kh2 b5
28. g3 Ne5 29. gxf4 Nf3+ 30. Rxf3 exf3 31. Qe3 Qd1 32. Ng3 Qxc2 33. Qxf3 Qd3 34.
Qg2 Qxa3 35. Qc6 Qb2 36. Qe6+ Kh8 37. Kg2 Qd4 38. Qe7 Qd7 39. Qe5 Qd5+ 40. Kf1
Qxe5 41. fxe5 Rd4 42. Nf5 Re4 43. Nd6 Rd4 44. Nxb5 Rxb4 45. Nxa7 Kg8 46. Nc6 Rc4
47. Ne7+ Kf7 48. Nf5 Kg6 49. Ne3 Re4 50. Kg2 Rxe5 51. Kf3 Ra5 52. Kg3 Ra3 53.
Kf4 Kf6 54. Nd5+ Ke6 55. Ne3 Ra4+ 56. Kf3 Ke5 57. Ng4+ 0-1

[Event "ch-RUS Blitz w 2016"]
[Site "Sochi RUS"]
[Date "2016.10.04"]
[Round "4.2"]
[White "Bodnaruk, Anastasia"]
[Black "Markelova, Lubov"]
[Result "1-0"]
[WhiteTitle "IM"]
[BlackTitle "WFM"]
[WhiteElo "2463"]
[BlackElo "2133"]
[WhiteFideId "4181751"]
[BlackFideId "24131369"]
[EventDate "2016.10.04"]

1. e4 e6 2. d4 d5 3. Nc3 Nf6 4. e5 Nfd7 5. f4 c5 6. Nf3 Be7 7. Be3 b6 8. Be2 Ba6
9. Nb5 O-O 10. a4 Nc6 11. O-O Bb7 12. c3 a6 13. Na3 f5 14. exf6 Nxf6 15. Bd3 Bd6
16. Ne5 Qe7 17. Qe2 c4 18. Bc2 Bxa3 19. Rxa3 b5 20. Raa1 b4 21. f5 Rae8 22. Rae1
exf5 23. Rxf5 Nxe5 24. Rxe5 Qd7 25. Bg5 Rxe5 26. dxe5 Ne8 27. e6 Qc6 28. Qh5
Qb6+ 29. Be3 Nf6 30. Qf7+ Rxf7 31. exf7+ Kxf7 32. Bxb6 1-0

[Event "ch-RUS Blitz w 2016"]
[Site "Sochi RUS"]
[Date "2016.10.04"]
[Round "4.3"]
[White "Diakonova, Ekaterina"]
[Black "Girya, Olga"]
[Result "0-1"]
[BlackTitle "WGM"]
[WhiteElo "2321"]
[BlackElo "2446"]
[WhiteFideId "24172936"]
[BlackFideId "4195752"]
[EventDate "2016.10.04"]

1. e4 c6 2. Nc3 d5 3. Nf3 Bg4 4. h3 Bxf3 5. Qxf3 Nf6 6. Be2 e6 7. O-O Nbd7 8. d4
dxe4 9. Nxe4 Nxe4 10. Qxe4 Nf6 11. Qd3 Bd6 12. c4 O-O 13. Rd1 Qc7 14. Bf3 Rad8
15. Be3 Rfe8 16. Qc2 h6 17. a3 Bf4 18. b4 Bxe3 19. fxe3 e5 20. Qf2 Rd7 21. Rab1
Red8 22. b5 cxb5 23. Rxb5 Qxc4 24. Rxe5 Qb3 25. Qe1 b6 26. Qb4 Qc2 27. Qd2 Qb3
28. Qb4 Qa2 29. Rc1 g6 30. Kh2 Kg7 31. Rc6 Nh7 32. Re7 Ng5 33. Bg4 Rxe7 34. Qxe7
Qd5 35. Rc7 Rf8 36. Rxa7 Qb3 37. e4 Qe3 38. Qe5+ Kg8 0-1

[Event "ch-RUS Blitz w 2016"]
[Site "Sochi RUS"]
[Date "2016.10.04"]
[Round "4.5"]
[White "Ambartsumova, Karina"]
[Black "Gubernatorova, Lyudmila"]
[Result "1-0"]
[WhiteTitle "WGM"]
[WhiteElo "2280"]
[BlackElo "2200"]
[WhiteFideId "4166299"]
[BlackFideId "4123840"]
[EventDate "2016.10.04"]

1. e4 e6 2. d4 d5 3. Nc3 Nf6 4. e5 Nfd7 5. f4 c5 6. Nf3 Nc6 7. Be3 Qa5 8. Qd2
Rb8 9. a3 c4 10. Be2 b5 11. O-O g6 12. g4 Qc7 13. Ne1 a5 14. f5 b4 15. fxe6 fxe6
16. axb4 axb4 17. Nd1 Be7 18. Ng2 Rf8 19. Nf4 Ndxe5 20. dxe5 Qxe5 21. c3 Bd7 22.
Ng2 Rxf1+ 23. Bxf1 Qf6 24. Qf2 Ne5 25. Qxf6 Bxf6 26. h3 bxc3 27. bxc3 Nf3+ 28.
Kf2 Ng5 29. Bxg5 Bxg5 30. Be2 Be7 31. Bf3 Bc5+ 32. Ke2 Ke7 33. Nge3 Kd6 34. Ra6+
Bc6 35. Nc2 e5 36. Nce3 Rf8 37. Nxc4+ Kc7 38. Ra5 dxc4 39. Rxc5 Rxf3 40. Rxc6+
Kxc6 41. Kxf3 Kd5 42. Ke3 e4 43. Nf2 Ke5 44. Nxe4 1-0

[Event "ch-RUS Blitz w 2016"]
[Site "Sochi RUS"]
[Date "2016.10.04"]
[Round "4.6"]
[White "Gvanceladze, Anna"]
[Black "Gritsayeva, Oksana"]
[Result "1-0"]
[WhiteTitle "WFM"]
[BlackTitle "WFM"]
[WhiteElo "2223"]
[BlackElo "2321"]
[WhiteFideId "4113721"]
[BlackFideId "14104652"]
[EventDate "2016.10.04"]

1. d4 g6 2. e4 Bg7 3. Nf3 d6 4. Bd3 Bg4 5. c3 Nc6 6. O-O e5 7. d5 Nce7 8. c4 Nf6
9. Nc3 O-O 10. Be3 Nh5 11. Re1 a6 12. b4 Nf4 13. Bf1 f5 14. c5 fxe4 15. Nxe4
Nh3+ 16. Kh1 Bxf3 17. gxf3 Nf4 18. cxd6 cxd6 19. Ng5 Qd7 20. Rc1 Bh6 21. Bxf4
Rxf4 22. Bh3 Nf5 23. Ne6 Qe7 24. Nxf4 Bxf4 25. Bxf5 gxf5 26. Rg1+ Kh8 27. Rc4
Qh4 28. Rg2 Rf8 29. Qg1 Qh3 30. Rc7 Qxf3 31. Rxb7 Qxd5 32. Rc7 Qf3 33. Rd7 e4
34. Rc7 d5 35. Qa1+ 1-0

[Event "ch-RUS Blitz w 2016"]
[Site "Sochi RUS"]
[Date "2016.10.04"]
[Round "4.7"]
[White "Severina, Maria"]
[Black "Baraeva, Marina"]
[Result "1-0"]
[WhiteTitle "WIM"]
[BlackTitle "WIM"]
[WhiteElo "2232"]
[BlackElo "2173"]
[WhiteFideId "4116909"]
[BlackFideId "24142573"]
[EventDate "2016.10.04"]

1. Nf3 Nf6 2. g3 d5 3. Bg2 c6 4. O-O Bf5 5. d3 h6 6. Nbd2 e6 7. Qe1 Nbd7 8. e4
dxe4 9. dxe4 Bh7 10. Qe2 Bc5 11. c3 O-O 12. b4 Bb6 13. Bb2 a5 14. a3 Qe7 15. e5
Ne8 16. Rfd1 f6 17. exf6 Nexf6 18. h3 a4 19. Nc4 Bc7 20. Re1 Rae8 21. Rad1 Be4
22. Ncd2 Bh7 23. c4 Rf7 24. Nd4 Nf8 25. N2f3 Be4 26. Nc2 c5 27. Bxf6 Bxf3 28.
Bxf3 Rxf6 29. Bg2 cxb4 30. axb4 Qf7 31. c5 b6 32. Nd4 bxc5 33. bxc5 Ba5 34. Rf1
e5 35. Nc2 Ng6 36. Ne3 Bb4 37. Nd5 Bxc5 38. Nxf6+ Qxf6 39. Qc4+ Kh7 40. Qxc5 1-0

[Event "ch-RUS Blitz w 2016"]
[Site "Sochi RUS"]
[Date "2016.10.04"]
[Round "4.8"]
[White "Drozdova, Dina"]
[Black "Semenova, Elena1"]
[Result "1-0"]
[WhiteTitle "WIM"]
[BlackTitle "WIM"]
[WhiteElo "2242"]
[BlackElo "2256"]
[WhiteFideId "4170695"]
[BlackFideId "24125148"]
[EventDate "2016.10.04"]

1. d4 Nf6 2. Nc3 d5 3. Bg5 Nbd7 4. e3 h6 5. Bh4 e6 6. Bd3 Be7 7. Bxf6 Bxf6 8. f4
c5 9. Nf3 c4 10. Be2 Qb6 11. Rb1 Qc6 12. O-O b5 13. Qe1 b4 14. Nd1 Be7 15. Ne5
Nxe5 16. fxe5 O-O 17. Qg3 f6 18. exf6 Rxf6 19. Rxf6 Bxf6 20. Nf2 Be7 21. Ng4 Qd6
22. Nxh6+ Kh7 23. Qxd6 Bxd6 24. Nf7 Be7 25. b3 Ba6 26. Ne5 Bg5 27. Kf2 Rf8+ 28.
Nf3 Bh4+ 29. g3 Be7 30. Kg2 Bb7 31. h4 a5 32. Rf1 Kg8 33. Ne5 Rxf1 34. Kxf1 c3
35. Bg4 Bc8 36. Kf2 Bd6 37. Nc6 Kf7 38. Ne5+ Bxe5 39. dxe5 Ba6 40. h5 Bb5 41.
Bf3 a4 42. g4 axb3 43. axb3 Be8 44. Be2 Bc6 45. Bd3 Ke7 46. Kg3 Be8 47. Kf4 Bf7
48. Kg5 Kf8 49. h6 gxh6+ 50. Kxh6 Kg8 51. g5 Be8 52. g6 Bd7 53. g7 1-0